00000000nam 2200000za 4500
0019.833351
003CaOODSP
00520221107150212
007cr |||||||||||
008170303s1870    nfc    #os   f000 0 eng d
040 |aCaOODSP|beng
043 |an-cn-nf
0861 |aCS98-1869E-PDF|z98-1869
24500|aAbstract census and return of the population, &c. of Newfoundland, 1869 |h[electronic resource].
260 |aSt. John's, N.F. : |b[Registrar General's Office], |c1870 |f(Robert Winton, printer)
300 |a[81] p.
500 |aHistorical census publication digitized 2012 [by Statistics Canada].
500 |aChiefly tables.
500 |aErrata laid in.
520 |aCensus and return for Newfoundland, 1869: Electoral divisions of Saint John's, Conception Bay, Trinity, Bonavista, Twillinate and Fogo, Ferrland, Placentia and St. Mary's, Burin, Fortune Bay; French shore; Labrador; General recapitulation, return of number of males and females.
69207|2gccst|aCensus
7101 |aNewfoundland.|bRegistrar General's Office.
85640|qPDF|s61.17 MB|uhttps://publications.gc.ca/collections/collection_2017/statcan/CS98-1869-eng.pdf